Представление документа в формате RUSMARC

ПолеНазваниеЗначение
  Тип записи a
  Библиографический уровень m
001 Контрольный номер 95399b298dac463382c00836bf3fa9ff
005 Дата корректировки 20231127112227.0
010 Индекс ISBN __
a ISBN 978-5-907358-15-7
b Уточнения в пер.
100 Данные общей обработки __
a Данные общей обработки 20230116g20212022m y0rusy028902 ca
101 Язык документа 0_
a Язык текста rus
102 Страна публикации __
a Страна публикации RU
105 Кодированные данные (монография) __
a Кодированные данные (монография) y z 000yy
181 Поле кодированных данных: вид содержания _0
a Код вида содержания (ISBD) i
182 Поле кодированных данных: тип средства _0
a Код типа средства (ISBD) n
200 Заглавие и сведения об ответственности 1_
a Заглавие Сто текстов о языке
e Сведения, относящиеся к заглавию в 2 книгах
f Первые сведения об ответственности руководитель проекта и автор идеи Ольга Ребковец
g Последующие сведения об ответственности редактор-составитель Екатерина Тупицына
g Последующие сведения об ответственности научные редакторы Наталья Милянчук и Владимир Пахомов
203 Вид содержания и тип средства __
a Вид содержания Текст
c Тип средства непосредственный
210 Выходные данные 1_
a Место издания Москва
c Издательство Городец
d Дата издания 2021-2022
215 Физическое описание __
c Иллюстрации/тип воспроизводства ил., табл.
d Формат 22 см
225 Серия 2_
a Серия Русский язык 18+
225 Серия 2_
a Серия Тотальный диктант представляет
330 Аннотация __
a Аннотация Авторы научно-популярной редакции проекта рассказывают о прошлом языка, его настоящем и будущем, об актуальных процессах в современной русской графике, о вопросах цифрового этикета и деловой переписки, а также о взаимодействии языка и технологий и о тех изменениях, которые произошли или только произойдут в языковой системе. Серия "Русский язык 18+" - это книги для тех, кто понимает, что изучение русского языка не заканчивается с получением аттестата, а грамотность - ключевая компетенция человека в современном обществе. Знания о языке, как, впрочем, и любые другие, можно и нужно совершенствовать всю жизнь. Команда Тотального диктанта помогает делать это эффективно и увлекательно.
606 Тематические рубрики __
2 Код системы nlr_sh
a Основная рубрика Языкознание
606 Тематические рубрики __
2 Код системы nlr_sh
a Основная рубрика Русский язык
610 Ключевые слова 0_
a Ключевые слова русский язык
610 Ключевые слова 0_
a Ключевые слова тотальный диктант
610 Ключевые слова 0_
a Ключевые слова грамотность
610 Ключевые слова 0_
a Ключевые слова история языка
610 Ключевые слова 0_
a Ключевые слова развитие языка
610 Ключевые слова 0_
a Ключевые слова лингвистика
610 Ключевые слова 0_
a Ключевые слова коммуникации
686 Индексы других классификаций __
2 Код системы rubbks
a Классификационный индекс 81.411.2-006
702 Вторичная интеллектуальная ответственность _1
a Фамилия Ребковец
b Имя О. А.
f Даты 1987-
g Полное личное имя Ольга Александровна
4 Код отношения 245
702 Вторичная интеллектуальная ответственность _1
a Фамилия Тупицына
b Имя Е. А.
g Полное личное имя Екатерина Алексеевна
4 Код отношения 340
4 Код отношения 220
702 Вторичная интеллектуальная ответственность _1
a Фамилия Милянчук
b Имя Н. С.
g Полное личное имя Наталья Сергеевна
4 Код отношения 340
702 Вторичная интеллектуальная ответственность _1
a Фамилия Пахомов
b Имя В. М.
f Даты 1982-
g Полное личное имя Владимир Маркович
4 Код отношения 340
712 Наименование организации (Вторичная ответственность) 00
a Организация/ юрисдикция "Тотальный диктант", общественный некоммерческий проект
801 Источник записи _0
a Страна RU
b Организация Муниципальное бюджетное учреждение культуры "Централизованная библиотечная система" г. Сургут (Центральная городская библиотека им. А. С. Пушкина)
g Правила каталогизации PSBO
c Дата составления 20230116
801 Источник записи _1
a Страна RU
b Организация Муниципальное бюджетное учреждение культуры "Централизованная библиотечная система" г. Сургут (Центральная городская библиотека им. А. С. Пушкина)
g Правила каталогизации PSBO
c Дата составления 20230116
852 Данные о местонахождении __
i Авторский знак С 81
j Шифр хранения 81.411.2-006
901 Тип документа __
t Тип документа v
a Ответственный КиК/Обаева
903 Характеристики (МАРС) __
c Наименование библиотеки (МАРС) Муниципальное бюджетное учреждение культуры "Централизованная библиотечная система" г. Сургут (Центральная городская библиотека им. А. С. Пушкина)
a Дата передачи 20230116
969 Тип издания __
a Тип издания научно-популярное издание